01946nam a2200253 b 450000500170000000800410001702000180005804000140007604100060009008200120009610000290010824500930013726000460023030000210027650008360029765001090113394200450124294200080128794200140129599900190130995201220132895201210145095201210157120241004124801.0220601s9999 xx 000 1 und d a9780620918497 aRDAcOCLC 2E aEF PHAM aPhamotse, Jackie9187290 0aLiwab... always on their minds...: women who kill for ''Kamasutra''cby Jackie Phamotse aSandtonbPhamotse & Company Pty Ltdc2021 a356 pagesc22 cm aChildhood friends, Liwa Nile and Noel Glass grow up in Port Alfred bound by hope and pure love for each other. But their deep dark desires bring in sinister trails of lust, murder and unclassified sexual escapades to the heart of Melrose Arch. When Liwa loses her beloved father, hear dear friend Noel comes to the rescue. As they grow their architecture business, it emerges that Noel is no ordinary painter. Her love for darkness quickly turns Liwa's wet bed into a nightmare. With every break of dawn, a soul falls. More bodies are soon disappearing and their business is thriving. Tyson Manson seeks sexual pleasure. So when a love affair boils over, he discovers more than expected. As he digs deeper into their past, more worms fill in the missing pieces. Will his findings destroy the bondages of a long-standing friendship? aSocial issues; South Africa; Rape; Abuse; Adult Relationships; Erotic FictionzSouth Africa9189595 w561xJohn Tresiddery174zSanet Schoeman 2ddc cBOOK2ddc c658919d658918 00104070aMHLUZLbMHLUZLd2022-06-01g280.00l0o823.92 PHAMp33809000327119r2022-06-01w2022-06-01yBKzMHL044/21 00102ddc40708FaSTANRLbMORGLcFICd2024-10-04g425.80l0oEF PHAMp33228031152303r2024-10-04w2024-10-04yBOOK 00102ddc40708FaSTANRLbSTANDLcFICd2024-10-04g425.80l0oEF PHAMp3322803188915r2026-06-04w2024-10-04yBOOK